| 000 | 00395nam a22001697a 4500 | ||
|---|---|---|---|
| 005 | 20260407165633.0 | ||
| 008 | 160627b xxu||||| |||| 00| 0 eng d | ||
| 020 | _a978-0-671-72365-1 | ||
| 041 | _aeng | ||
| 082 | _a158.2 | ||
| 100 |
_aDale Carnegie _98932 |
||
| 245 | _aHow to Win Friends & Influence People | ||
| 260 | _bPoket Books | ||
| 300 | _a266 | ||
| 650 | _aManagement | ||
| 942 | _cBK | ||
| 999 |
_c4121 _d4120 |
||